Study on wood processing products improving and market flows in stung treng village commune district province (ការសិក្សាផលិតផលឈើកែច្នៃនៅលើទីផ្សារឃុំស្ទឺងត្រែងខេត្តស្ទឺងត្រែង) (Record no. 3382)
[ view plain ]
| 000 -LEADER | |
|---|---|
| fixed length control field | 00662nam a22001577a 4500 |
| 003 - CONTROL NUMBER IDENTIFIER | |
| control field | OSt |
| 005 - DATE AND TIME OF LATEST TRANSACTION | |
| control field | 20151113092509.0 |
| 008 - FIXED-LENGTH DATA ELEMENTS--GENERAL INFORMATION | |
| fixed length control field | 151113b xxu||||| |||| 00| 0 eng d |
| 040 ## - CATALOGING SOURCE | |
| Transcribing agency | RUA |
| 082 ## - DEWEY DECIMAL CLASSIFICATION NUMBER | |
| Classification number | FOR PHA 2006 B133 Or.1 |
| 100 ## - MAIN ENTRY--PERSONAL NAME | |
| 9 (RLIN) | 3633 |
| Personal name | PHATH, SOPHEA. |
| 245 ## - TITLE STATEMENT | |
| Title | Study on wood processing products improving and market flows in stung treng village commune district province (ការសិក្សាផលិតផលឈើកែច្នៃនៅលើទីផ្សារឃុំស្ទឺងត្រែងខេត្តស្ទឺងត្រែង) |
| 260 ## - PUBLICATION, DISTRIBUTION, ETC. (IMPRINT) | |
| Place of publication, distribution, etc. | Phnom Penh |
| Name of publisher, distributor, etc. | RUA |
| Date of publication, distribution, etc. | 2006 |
| 300 ## - PHYSICAL DESCRIPTION | |
| Extent | x, 59p. |
| Other physical details | ill. |
| Dimensions | 29cm. |
| 942 ## - ADDED ENTRY ELEMENTS (KOHA) | |
| Source of classification or shelving scheme | |
| Koha item type | FOR |
| Price effective from | Date last seen | Permanent Location | Not for loan | Date acquired | Source of classification or shelving scheme | Koha item type | Lost status | Withdrawn status | Date last checked out | Total Checkouts | Shelving location | Damaged status | Barcode | Current Location | Full call number |
|---|---|---|---|---|---|---|---|---|---|---|---|---|---|---|---|
| 2015-11-13 | 2017-08-15 | Library Block B | 2015-11-13 | FOR | 2017-07-31 | 1 | B133 | RUA028893 | Library Block B | FOR PHA 2006 B133 Or.1 | |||||
| 2015-11-13 | 2015-11-13 | Library Block B | 2015-11-13 | FOR | B133 | RUA028229 | Library Block B | FOR PHA 2006 B133 Or.2 | |||||||
| 2015-11-13 | 2015-11-13 | Library Block B | 2015-11-13 | FOR | B133 | RUA028301 | Library Block B | FOR PHA 2006 B133 Or.3 | |||||||
| 2015-11-13 | 2015-11-13 | Library Block B | 2015-11-13 | FOR | B133 | RUA028609 | Library Block B | FOR PHA 2006 B133 Or.4 | |||||||
| 2015-11-13 | 2015-11-13 | Library Block B | 2015-11-13 | FOR | B133 | RUA028537 | Library Block B | FOR PHA 2006 B133 Or.5 |